| 000 | 05567cam a2200589 i 4500 | ||
|---|---|---|---|
| 001 | 23919521 | ||
| 003 | BJBSDDR | ||
| 005 | 20260429134602.0 | ||
| 007 | ta | ||
| 008 | 241112t20242024nyuaf b 001 0beng | ||
| 010 | _a 2024404746 | ||
| 020 | _a9780593298664 | ||
| 020 | _a0593298667 | ||
| 035 | _a23919521 | ||
| 040 |
_aDLC _beng _erda _cDLC _dDLC |
||
| 041 | _aeng | ||
| 042 | _apcc | ||
| 050 | 0 | 0 |
_aE 913.3 _bB928l 2024 |
| 082 | 0 | 4 |
_a973.933092 _aB _223/eng/20240717 |
| 100 | 1 |
_aBuettner, Russ _eauthor. _948206 |
|
| 245 | 1 | 0 |
_aLucky loser : _bhow Donald Trump squandered his father's fortune and created the illusion of success / _cRuss Buettner and Susanne Craig. |
| 246 | 3 | 0 | _aHow Donald Trump squandered his father's fortune and created the illusion of success |
| 264 | 1 |
_aNew York : _bPenguin Press, _c[2024] |
|
| 264 | 4 | _c©2024 | |
| 300 |
_a519 pages, 8 unnumbered pages of plates : _billustrations (some color) ; _c24 cm |
||
| 336 |
_atext _btxt _2rdacontent |
||
| 336 |
_astill image _bsti _2rdacontent |
||
| 337 |
_aunmediated _bn _2rdamedia |
||
| 338 |
_avolume _bnc _2rdacarrier |
||
| 504 | _aIncludes bibliographical references and index. | ||
| 505 | 0 | _aPart I: The father. A natural virgin market -- The American way of life -- They just went wild -- In his father's sights -- Toy soldier academy -- March the line -- It's all over now -- All show -- Part II: The son. By no means standing still -- Shadowboxing -- Whatever the Trumps want -- Everything he touches -- The latest jewel -- Mr. Baron's tower -- So much hoopla -- Part III: The everything man. Almost rational -- Risk and reward -- All of life is a stage -- Entertainer-impresario -- Campaign of truth -- White elephants -- Wildest expectations -- No intention to ask -- The spy next door -- Always there for me -- Part IV: Dramality. The producer -- "I used my brain" -- The talent -- The danger of overcommercialization -- Better than real estate -- Real estate -- Don't do this for the money. | |
| 520 |
_a"Soon after announcing his first campaign for the US presidency, Donald J. Trump told a national television audience that life 'has not been easy for me. It has not been easy for me.' Building on a narrative he had been telling for decades, he spun a hardscrabble fable of how he parlayed a small loan from his father into a multi-billion-dollar business and real estate empire. This feat, he argued, made him singularly qualified to lead the country. None of it was true. Born to a rich father who made him the beneficiary of his own highly lucrative investments, Trump received the equivalent of more than $500 million today via means that required no business expertise whatsoever. Drawing on over twenty years' worth of Trump's confidential tax information, including the tax returns he tried to conceal, alongside business records and interviews with Trump insiders, New York Times investigative reporters Russ Buettner and Susanne Craig track Trump's financial rise and fall, and rise and fall again. For decades, he squanders his fortunes on money losing businesses, only to be saved yet again by financial serendipity. He tacks his name above the door of every building, while taking out huge loans he'll never repay. He obsesses over appearances, while ignoring threats to the bottom line and mounting costly lawsuits against city officials. He tarnishes the value of his name by allowing anyone with a big enough check to use it, and cheats the television producer who not only rescues him from bankruptcy but casts him as a business savant--the public image that will carry him to the White House. A masterpiece of narrative reporting, Lucky Loser is a meticulous, nearly-century spanning narrative, filled with scoops from Trump Tower, Mar-a-Lago, Atlantic City, and the set of The Apprentice. At a moment when Trump's tether to success and power is more precarious than ever, here for the first time is the definitive true accounting of Trump and his money--what he had, what he lost, and what he has left --and the final word on the myth of Trump, the self-made billionaire"-- _cJacket page [ii]. |
||
| 520 |
_a"From the Pulitzer Prize-winning reporters behind the 2018 bombshell New York Times exposé of then-President Trump's finances, an explosive investigation into the history of Donald Trump's wealth, revealing how one of the country's biggest business failures lied his way into the White House"-- _cProvided by publisher. |
||
| 600 | 1 | 0 |
_aTrump, Donald, _d1946- _xFinance, Personal. |
| 600 | 1 | 0 |
_aTrump, Donald, _d1946- _xFamily. |
| 600 | 1 | 0 |
_aTrump, Donald, _d1946- _xFriends and associates. |
| 600 | 3 | 0 | _aTrump family. |
| 610 | 2 | 0 |
_aTrump Organization (New York, N.Y.) _xCorrupt practices. |
| 650 | 0 |
_aPresidents _zUnited States _vBiography. |
|
| 650 | 0 |
_aBusinesspeople _zUnited States _vBiography. |
|
| 650 | 0 |
_aFathers and sons _zUnited States _vBiography. |
|
| 650 | 0 |
_aPresidents _xProfessional ethics _zUnited States. |
|
| 651 | 0 |
_aUnited States _xPolitics and government _y2017-2021. |
|
| 655 | 7 |
_aBiographies. _2lcgft _0https://id.loc.gov/authorities/genreForms/gf2014026049 |
|
| 700 | 1 |
_aCraig, Susanne, _d1968- _eauthor. _1http://viaf.org/viaf/13154013702909190427 _948207 |
|
| 776 | 0 | 8 |
_iOnline version: _aBuettner, Russ. _tLucky loser. _dNew York : Penguin Press, [2024] _z9780593298657 |
| 906 |
_a7 _bcbc _corigres _d2 _encip _f20 _gy-gencatlg |
||
| 942 |
_2lcc _n0 _cBK |
||
| 946 | _irmza | ||
| 999 |
_c126955 _d126955 |
||